Paroles - Sur la Lune - Bigflo & Oli - Statistiques

Statistiques générales
  • Ce quiz a été pris 722 fois
  • Le résultat moyen est 329 sur 402
Statistiques - réponses
Paroles % Correct
lune
100%
et
99%
Et
99%
jour
99%
Jour
99%
la
99%
sur
99%
sûr
99%
Un
99%
un
99%
je
98%
Je
98%
j'irai
98%
J'irai
98%
me
98%
si
98%
que
96%
à
94%
étais
94%
mentirais
94%
au
93%
de
92%
j'te
92%
aussi
91%
j'disais
91%
vois
91%
du
90%
j'la
90%
mon
90%
qu'elle
90%
sais
90%
voit
90%
parce
89%
Parce
89%
qu'j'en
89%
ça
88%
doigt
88%
devient
87%
montre
87%
Alors
86%
alors
86%
serai
86%
le
85%
possible
82%
j'aurai
80%
J'aurai
80%
ma
78%
en
77%
les
73%
fils
72%
vieux
72%
tour
71%
élever
70%
est
70%
mes
70%
qui
69%
Terre
69%
pas
68%
lui
67%
moi
67%
fait
66%
père
66%
chaque
65%
dans
65%
pour
65%
apprendrai
64%
faire
64%
place
64%
trouvé
64%
erreur
63%
enfin
62%
j'en
62%
essai
61%
Tu
61%
tu
61%
Une
59%
une
59%
plus
58%
temps
58%
tous
58%
courir
57%
juste
57%
passe
57%
voir
56%
leur
55%
mort
55%
peux
55%
beau
54%
demander
54%
pardon
54%
quitter
54%
j'ai
53%
ennemis
52%
fou
52%
grande
52%
monde
52%
nuages
52%
c'est
51%
fini
51%
rattrape
51%
rêves
51%
con
50%
liste
50%
Quand
50%
ligne
49%
ai
48%
avec
48%
fourmi
48%
jambes
48%
pourquoi
47%
fort
46%
immobile
46%
nom
46%
rayé
46%
comme
45%
marre
45%
autres
44%
j'suis
43%
tremble
43%
différent
42%
donc
42%
final
42%
moi-même
40%
plaque
40%
problèmes
40%
sourire
40%
sage
38%
âge
36%
réglé
36%
toutes
35%
fautes
34%
assumé
33%
mieux
24%
Aucun quiz correspondant
Distribution des résultats
% des personnes avec chaque résultat
Percentile par nombre de réponses
Votre historique - résultats
Vous n’avez pas pris ce quiz